Premier League Players 2020/21 By Name - V - Statistics

General Stats
  • This quiz has been taken 37 times
    24 since last reset
  • The average score is 8 of 10
Answer Stats
Club Nation Position Player % Correct
Manchester United Netherlands MF Donny Van De Beek
100%
Burnley Czech Republic FW Matej Vydra
100%
Liverpool Netherlands DF Virgil Van Dijk
100%
Tottenham Hotspur Brazil FW Carlos Vinicius
92%
Leicester City England FW Jamie Vardy
92%
Southampton Denmark DF Jannik Vestergaard
92%
Crystal Palace Netherlands DF Patrick Van Aanholt
92%
Everton Portugal GK Joao Virginia
62%
Brighton & Hove Albion Netherlands DF Joel Veltman
62%
Wolves Portugal MF Vitinha
38%
No matching quizzes found
Score Distribution
Percent of People with Each Score
Percentile by Number Answered
Your Score History
You have not taken this quiz since the last reset